01366naa a22003497a 4500001001000000003000900010005001700019007000300036008003400039040005400073041000900127072002000136090001800156100001600174100001800190100001600208100002200224100001900246111008200265245012700347260003800474500011200512650001000624650001300634650001400647650002800661773010900689909003600798942001400834999001900848952014900867BR7900215BR-BrBNA20240918174302.0ta230509b bl.||||| |||| 00| 0 por d aBR-BrBNAbporcBiblioteca Nacional de Agricultura a(Pt) aF30b0120bG514 aF30 BR79002151 aPereira, P.1 aMagnavaca, R.1 aLemos, M.A.1 aToledo, J.F.F. de1 aSilva, A.E. da1 a11. Reuniao Brasileira de Milho e SorgocPiracicaba, SP (Brazil)d26 Jul 19761 aApresentacao de dados obtidos do ensaio nacional do milho do ano agricola de 1974/1975 [Zea mays, competicao de variedade]3 aPiracicaba, SP (Brasil): c1978.  aAnais da 11. Reuniao Brasileira de Milho e Sorgo Piracicaba, SP (Brasil): 1978. p. 27-33 (BR7900215-AM)F30  aMILHO aLINHAGEM aVARIEDADE aCOMPETICAO DE VARIEDADE0 tAnais da 11. Reuniao Brasileira de Milho e SorgowF30 BR7900215gPiracicaba, SP (Brasil), 1978. p. 27-33 a202404bLuciac55dLucia Elande cAM2AGRIS c310130d310130 002AGRIS40708Acervo Gerala41918b41918cAgrobasel0o0120 BR7900214r2024-05-20t01yAM10d2024-04-11ePortaria Interministerial nÂș 164/94